000 00255nam a22001097a 4500
005 20251013095834.0
008 251013b |||||||| |||| 00| 0 eng d
040 _cPK-LaNCA
082 _a712
_bREN
245 _aRenoir landscapes 1865 - 1883
942 _cBK
999 _c66973
_d66973